[Event "Meisterturnier"]
[Site "Tübingen"]
[Date "2007.08.26"]
[Round "2"]
[White "Rothfuß, Oliver"]
[Black "Bauer, Eckart"]
[Result "1-0"]
[WhiteElo "2139"]
[BlackElo "2203"]
[PlyCount "51"]
[EventDate "2007.??.??"]

1. d4 c5 2. e3 Nf6 3. Nf3 b6 4. Nbd2 Bb7 5. Bd3 g6 6. c3 Bg7 7. Qe2 O-O 8. O-O
Nc6 9. Re1 Qc7 10. e4 cxd4 11. Nxd4 Ne5 12. Bc2 Nh5 13. g3 Rac8 14. Nb5 Qb8 15.
f4 Nc6 16. Nf3 e5 17. f5 a6 18. Na3 b5 19. Be3 gxf5 20. Nh4 f4 21. Qxh5 fxe3
22. Nf5 Nd8 23. Qg4 Ne6 24. Bb3 h5 25. Ne7+ Kh7 26. Qxh5+ 1-0

[Event "Meisterturnier"]
[Site "Tübingen"]
[Date "2007.08.27"]
[Round "3"]
[White "Latzke, Boris Alexander"]
[Black "Reuß, Andreas"]
[Result "1/2-1/2"]
[WhiteElo "2230"]
[BlackElo "2303"]
[PlyCount "85"]
[EventDate "2007.??.??"]

1. d4 d5 2. c4 c6 3. Nf3 Nf6 4. Nc3 e6 5. Bg5 h6 6. Bxf6 Qxf6 7. e3 Nd7 8. a3
g6 9. b4 Bg7 10. Qb3 O-O 11. Rc1 dxc4 12. Bxc4 e5 13. d5 Nb6 14. O-O a5 15. Ne4
Qe7 16. d6 Qd8 17. Rfd1 a4 18. Qc2 Nxc4 19. Qxc4 Be6 20. Qe2 Bd5 21. Nc5 e4 22.
Nd2 f5 23. Nxb7 Qb8 24. Nc5 Qxd6 25. Nc4 Qc7 26. Nb2 f4 27. exf4 Qxf4 28. Nc4
Ra7 29. Ne3 Raf7 30. Nxd5 cxd5 31. Ne6 Qe5 32. Nxf8 Bxf8 33. Rc8 Kg7 34. Rd8
Bd6 35. g3 Rf3 36. Qa6 Qb2 37. Rd7+ Kh8 38. Qa8+ Bf8 39. Qa7 e3 40. fxe3 Qf2+
41. Kh1 Rf6 42. Qd4 Qf3+ 43. Kg1 1/2-1/2

[Event "Meisterturnier"]
[Site "Tübingen"]
[Date "2007.08.27"]
[Round "3"]
[White "Mäurer, Christoph"]
[Black "Holzhäuer, Mathias"]
[Result "1/2-1/2"]
[WhiteElo "2255"]
[BlackElo "2341"]
[PlyCount "22"]
[EventDate "2007.??.??"]

1. Nf3 Nf6 2. c4 e6 3. g3 a6 4. Bg2 b5 5. b3 c5 6. Nc3 Qa5 7. O-O Bb7 8. e3 Be7
9. Qe2 b4 10. Na4 Qc7 11. Bb2 d6 1/2-1/2

[Event "Meisterturnier"]
[Site "Tübingen"]
[Date "2007.08.27"]
[Round "3"]
[White "Kabisch, Thilo"]
[Black "Roth, Jürgen Eugen"]
[Result "1-0"]
[WhiteElo "2241"]
[BlackElo "2309"]
[PlyCount "77"]
[EventDate "2007.??.??"]

1. e4 d6 2. d4 Nf6 3. Nc3 g6 4. Bg5 Bg7 5. f4 O-O 6. Qd2 c6 7. Bd3 Qb6 8. O-O-O
Qxd4 9. Nf3 Qb4 10. e5 dxe5 11. fxe5 Nd5 12. Nxd5 Qxd2+ 13. Rxd2 cxd5 14. Bxe7
Re8 15. Bg5 a6 16. Re1 Nc6 17. Bf1 Bf5 18. Rxd5 Bxc2 19. Rd7 Bf5 20. Rxb7 Rac8
21. Kd1 Nxe5 22. Bxa6 Rc6 23. Nxe5 Bxe5 24. Be7 Bc2+ 25. Ke2 Rxa6 26. Kd2 Re6
27. Kxc2 R6xe7 28. Rxe7 Rxe7 29. b4 f6 30. a4 Rc7+ 31. Kb3 Rc3+ 32. Ka2 Rc2+
33. Kb3 Rxg2 34. a5 Rb2+ 35. Ka3 Rxh2 36. Rxe5 fxe5 37. a6 Rh1 38. Kb2 Rh2+ 39.
Kb3 1-0

[Event "Meisterturnier"]
[Site "Tübingen"]
[Date "2007.08.27"]
[Round "3"]
[White "Remmler, Hans-Peter"]
[Black "Frick, Christoph"]
[Result "1/2-1/2"]
[WhiteElo "2256"]
[BlackElo "2240"]
[PlyCount "74"]
[EventDate "2007.??.??"]

1. e4 g6 2. d4 Bg7 3. Nf3 d6 4. c4 Nf6 5. Nc3 O-O 6. Be2 e5 7. O-O Nc6 8. d5
Ne7 9. b4 Nh5 10. Re1 f5 11. Ng5 Nf4 12. Bxf4 exf4 13. Rc1 fxe4 14. Ncxe4 Nf5
15. c5 Nd4 16. Bc4 f3 17. Nxf3 Nxf3+ 18. gxf3 Be5 19. Ng3 Qg5 20. h4 Qf6 21.
Kg2 Kh8 22. Rh1 Bd7 23. Ne4 Qf4 24. Be2 Bf5 25. Rc4 Qh6 26. Ng5 Bd7 27. Qd2 Qg7
28. f4 Bf6 29. cxd6 cxd6 30. Rc7 Bxg5 31. hxg5 Bh3+ 32. Rxh3 Qxc7 33. Bg4 Qf7
34. Kg3 Rae8 35. Be6 Rxe6 36. dxe6 Qxe6 37. Rh1 d5 1/2-1/2

[Event "Meisterturnier"]
[Site "Tübingen"]
[Date "2007.08.27"]
[Round "3"]
[White "Bräuning, Rudolf"]
[Black "Hirneise, Jens"]
[Result "1/2-1/2"]
[WhiteElo "2340"]
[BlackElo "2090"]
[PlyCount "106"]
[EventDate "2007.??.??"]

1. e4 c5 2. Nf3 Nc6 3. c3 Nf6 4. e5 Nd5 5. d4 cxd4 6. cxd4 d6 7. Bc4 Nb6 8. Bb5
dxe5 9. Nxe5 Bd7 10. Nxd7 Qxd7 11. Nc3 e6 12. Qg4 h5 13. Qe2 Be7 14. O-O Kf8
15. Bxc6 bxc6 16. Be3 Nd5 17. Rac1 Re8 18. Qa6 Nxe3 19. fxe3 Rh6 20. Ne4 Qd5
21. Qxc6 Qxa2 22. Ra1 Qd5 23. Qxd5 exd5 24. Nc3 Bg5 25. Nxd5 a6 26. Rf3 Rd6 27.
Ra3 Rb8 28. b4 g6 29. e4 Kg7 30. Kf2 Rb7 31. Ke2 Bd8 32. Rac3 Bb6 33. Rc4 f5
34. Nxb6 fxe4 35. Ra3 Rdxb6 36. Ke3 Rxb4 37. Rxb4 Rxb4 38. Rxa6 Rb2 39. Kxe4
Rxg2 40. h3 Re2+ 41. Kf4 Rh2 42. Kg5 Rg2+ 43. Kf4 Rh2 44. Ra7+ Kf6 45. Ra6+ Kg7
46. Ra3 Kf6 47. Rf3 Re2 48. h4 Re1 49. Rf2 Ke6 50. Rg2 Kf6 51. Rf2 Ke6 52. Rg2
Kf6 53. Rf2 Ke6 1/2-1/2

[Event "Meisterturnier"]
[Site "Tübingen"]
[Date "2007.08.27"]
[Round "3"]
[White "Namyslo, Holger"]
[Black "Stiepan, Hans-Michael"]
[Result "1/2-1/2"]
[WhiteElo "2305"]
[BlackElo "2124"]
[PlyCount "87"]
[EventDate "2007.??.??"]

1. e4 e6 2. d4 d5 3. Nc3 Bb4 4. e5 c5 5. a3 Bxc3+ 6. bxc3 Ne7 7. Qg4 Qc7 8.
Qxg7 Rg8 9. Qxh7 cxd4 10. Ne2 Nbc6 11. Qd3 dxc3 12. f4 Bd7 13. Nxc3 a6 14. Rb1
Na5 15. h4 Nf5 16. Rh3 Nc4 17. h5 O-O-O 18. h6 Rg6 19. h7 Rh8 20. Ne2 Rg7 21.
Nd4 Nxd4 22. Qxd4 Rgxh7 23. Rbb3 Bb5 24. Rxh7 Rxh7 25. Rh3 Rxh3 26. gxh3 Qe7
27. Bxc4 dxc4 28. f5 exf5 29. h4 Qd8 30. Qxd8+ Kxd8 31. h5 Ke7 32. h6 Kf8 33.
c3 Kg8 34. Bf4 Bc6 35. Kd2 Bd5 36. Ke3 Kh7 37. Kd4 Be6 38. Kc5 Kg6 39. a4 Kh7
40. a5 Kg6 41. Kd6 Kh7 42. Ke7 Kg8 43. Bg5 Bd5 44. Bf4 1/2-1/2

[Event "Meisterturnier"]
[Site "Tübingen"]
[Date "2007.08.27"]
[Round "3"]
[White "Hirneise, Tobias"]
[Black "Rothfuß, Oliver"]
[Result "1-0"]
[WhiteElo "2293"]
[BlackElo "2139"]
[PlyCount "119"]
[EventDate "2007.??.??"]

1. d4 g6 2. e4 Bg7 3. Nc3 c6 4. f4 d5 5. e5 h5 6. Be3 Nh6 7. Nf3 a5 8. h3 Na6
9. Qd2 Nc7 10. Nd1 Bf5 11. Bf2 Ne6 12. Nh4 Qb6 13. Nxf5 Nxf5 14. Bd3 Bh6 15.
Bxf5 gxf5 16. Be3 Qa6 17. g4 hxg4 18. hxg4 O-O-O 19. gxf5 Bxf4 20. Rxh8 Rxh8
21. Nf2 Bxe3 22. Qxe3 Nc7 23. O-O-O Qc4 24. Kb1 Nb5 25. f6 e6 26. Qd3 Qxd3 27.
Rxd3 Kd7 28. a4 Nc7 29. Rg3 Ne8 30. Nd3 b6 31. Rg4 Nc7 32. c3 Ke8 33. Rg7 Kf8
34. b4 Na6 35. bxa5 bxa5 36. Rg2 Rh3 37. Kc2 Rh1 38. Nc1 c5 39. Nb3 cxd4 40.
cxd4 Nb4+ 41. Kb2 Rd1 42. Nxa5 Rxd4 43. Kc3 Nc6 44. Rb2 Kg8 45. Rb6 Rxa4 46.
Nxc6 Kh7 47. Nd4 Kg6 48. Rb8 Kg5 49. Rb1 Kf4 50. Re1 Kg3 51. Rf1 Kg2 52. Rf4
Ra3+ 53. Kb4 Re3 54. Nc6 Re4+ 55. Rxe4 dxe4 56. Kc5 e3 57. Nd4 Kg3 58. Kd6 Kf4
59. Ke7 Kxe5 60. Ne2 1-0

[Event "Meisterturnier"]
[Site "Tübingen"]
[Date "2007.08.27"]
[Round "3"]
[White "Gabriel, Josef"]
[Black "Hönsch, Matthias"]
[Result "1/2-1/2"]
[WhiteElo "2204"]
[BlackElo "2279"]
[PlyCount "188"]
[EventDate "2007.??.??"]

1. Nf3 d5 2. c4 e6 3. g3 Nf6 4. Bg2 Be7 5. O-O O-O 6. b3 c5 7. e3 Nc6 8. Bb2 d4
9. exd4 cxd4 10. d3 Ne8 11. Re1 f6 12. Nh4 Nc7 13. a3 a5 14. f4 e5 15. f5 Qe8
16. Be4 Nd8 17. Qf3 Rb8 18. Nd2 Nf7 19. Qg2 b6 20. b4 Ng5 21. b5 Nxe4 22. Nxe4
g5 23. fxg6 hxg6 24. g4 Ne6 25. Bc1 Qf7 26. Bh6 Nf4 27. Bxf4 exf4 28. g5 fxg5
29. Nxg5 Bxg5 30. Qxg5 f3 31. Kf2 Bf5 32. Rg1 Rbe8 33. Nxf5 Qxf5 34. Qxg6+ Qxg6
35. Rxg6+ Kh7 36. Rg4 Re2+ 37. Kg3 f2 38. Rf1 Re3+ 39. Kg2 Rxd3 40. Rxf2 Rxf2+
41. Kxf2 a4 42. Ke2 Rxa3 43. Rxd4 Kg6 44. Kd2 Kf5 45. Kc2 Ke5 46. Rd8 Rh3 47.
Rd2 Ke6 48. Kb2 Rb3+ 49. Ka2 Rh3 50. Rd8 Ke7 51. Rc8 Rxh2+ 52. Ka3 Rh6 53. Kxa4
Kd7 54. Rg8 Rh7 55. Rg6 Kc7 56. Rc6+ Kb7 57. Kb4 Rh3 58. Rg6 Rh7 59. Re6 Rg7
60. Kc3 Rd7 61. Re5 Kc7 62. Rh5 Kb7 63. Rd5 Rh7 64. Rd6 Rh4 65. Re6 Rg4 66. Kd3
Rh4 67. Re4 Rh7 68. Kd4 Kc7 69. Kd5 Rd7+ 70. Ke6 Rd1 71. Ke7 Rd7+ 72. Ke8 Rd8+
73. Kf7 Rd1 74. Re6 Rd4 75. Rc6+ Kb7 76. Ke7 Ka7 77. Ke6 Kb7 78. Ke5 Rh4 79.
Kd5 Rh5+ 80. Kd4 Rh4+ 81. Kc3 Rh3+ 82. Kb4 Rg3 83. Rh6 Rf3 84. Rh7+ Kb8 85. Rh4
Rg3 86. c5 bxc5+ 87. Ka5 Rg8 88. Ka6 Rc8 89. b6 c4 90. Rh7 c3 91. Rb7+ Ka8 92.
Rc7 Kb8 93. Rxc8+ Kxc8 94. Ka7 c2 1/2-1/2

[Event "Meisterturnier"]
[Site "Tübingen"]
[Date "2007.08.27"]
[Round "3"]
[White "Giacopelli, Vincenzo"]
[Black "Mayer, Joachim"]
[Result "0-1"]
[WhiteElo "2093"]
[BlackElo "2155"]
[PlyCount "78"]
[EventDate "2007.??.??"]

1. c4 c6 2. g3 d5 3. Bg2 e6 4. Nf3 f5 5. b3 Nf6 6. Bb2 Bd6 7. d3 O-O 8. Nbd2 f4
9. Qc2 Nbd7 10. gxf4 Bxf4 11. O-O-O Ng4 12. Rdf1 Qa5 13. Bc3 Qa3+ 14. Kb1 e5
15. h3 Ngf6 16. e3 Bh6 17. Nxe5 Nxe5 18. Bxe5 Be6 19. f4 Nd7 20. Nf3 dxc4 21.
dxc4 Rae8 22. Ka1 Nxe5 23. Nxe5 g6 24. Be4 Bg7 25. Kb1 Qc5 26. Rfg1 Bf5 27.
Bxf5 Rxf5 28. Ng4 Rf7 29. Rd1 h5 30. Ne5 Rxe5 31. fxe5 Qxe5 32. Kc1 Qxe3+ 33.
Qd2 Qe5 34. Rde1 Qa1+ 35. Kc2 Qxa2+ 36. Kd1 Qxb3+ 37. Kc1 Qxc4+ 38. Qc2 Qd4 39.
Qxg6 Qb2+ 0-1

[Event "Meisterturnier"]
[Site "Tübingen"]
[Date "2007.08.27"]
[Round "3"]
[White "Schmittdiel, Eckhard"]
[Black "Weber, Klaus"]
[Result "1-0"]
[WhiteElo "2436"]
[BlackElo "2179"]
[PlyCount "55"]
[EventDate "2007.??.??"]

1. c4 Nf6 2. b3 e6 3. Bb2 a5 4. Nf3 d5 5. g3 a4 6. cxd5 Nxd5 7. bxa4 Nb6 8. Nc3
Bd7 9. Qb3 Bc6 10. Bg2 Nxa4 11. Nxa4 Rxa4 12. Bc3 Ra6 13. O-O Nd7 14. Qc2 Qa8
15. e4 Ba4 16. Qd3 Nc5 17. Qe2 Bc2 18. Ne5 Bd6 19. d3 Ba4 20. Qg4 g6 21. Qf3
Bxe5 22. Bxe5 Rf8 23. Rfc1 Rc6 24. d4 Nd7 25. Bxc7 Bc2 26. Bf4 f5 27. exf5 Rxf5
28. Qe2 1-0

[Event "Meisterturnier"]
[Site "Tübingen"]
[Date "2007.08.27"]
[Round "3"]
[White "Heinl, Thomas"]
[Black "Schmidt, Olaf"]
[Result "1-0"]
[WhiteElo "2213"]
[BlackElo "2193"]
[PlyCount "79"]
[EventDate "2007.??.??"]

1. e4 d6 2. d4 Nf6 3. Nc3 g6 4. Bg5 Bg7 5. e5 dxe5 6. dxe5 Ng4 7. Qxd8+ Kxd8 8.
Nf3 Nxe5 9. O-O-O+ Bd7 10. Nd5 Nbc6 11. Bb5 Nxf3 12. gxf3 f6 13. Be3 a6 14.
Bxc6 bxc6 15. Nb4 a5 16. Nxc6+ Ke8 17. Nd4 a4 18. f4 Kf7 19. c3 Rhd8 20. Rd2 e6
21. Rhd1 Be8 22. Nc2 Rxd2 23. Rxd2 Bf8 24. c4 Be7 25. b4 axb3 26. axb3 Ra5 27.
Nd4 Ra1+ 28. Kb2 Rh1 29. Nb5 Rxh2 30. Nxc7 Bc6 31. c5 h5 32. b4 h4 33. b5 Be4
34. c6 Rh3 35. Nd5 Rh1 36. Nc3 h3 37. Nxe4 h2 38. Ng3 Rg1 39. c7 Rxg3 40. fxg3
1-0

[Event "Meisterturnier"]
[Site "Tübingen"]
[Date "2007.08.27"]
[Round "3"]
[White "Fischer, Andre Klaus"]
[Black "Tscharotschkin, Michael"]
[Result "1/2-1/2"]
[WhiteElo "2169"]
[BlackElo "2236"]
[PlyCount "153"]
[EventDate "2007.??.??"]

1. e4 e6 2. d4 d5 3. Nc3 Bb4 4. e5 c5 5. a3 Ba5 6. b4 cxb4 7. Nb5 Nc6 8. axb4
Bxb4+ 9. c3 Be7 10. Ba3 Bxa3 11. Rxa3 g6 12. Nf3 Kf8 13. Bd3 Kg7 14. O-O h5 15.
Qa1 a6 16. Rb1 Nh6 17. Nd6 Rb8 18. Rab3 b5 19. Ra3 Rb6 20. Nd2 Ng4 21. h3 Qh4
22. Rf1 Ngxe5 23. dxe5 Nxe5 24. Nxc8 Rxc8 25. c4 Qf6 26. cxd5 exd5 27. f4 Nc4
28. Bxc4 dxc4 29. Qxf6+ Kxf6 30. Rfa1 Rcc6 31. Kf2 b4 32. Ra4 c3 33. Nb3 c2 34.
Rc1 Rc3 35. Nd4 b3 36. Nxb3 Rbxb3 37. Rxa6+ Kf5 38. Ra2 Rb4 39. Raxc2 Rxf4+ 40.
Kg1 Rxc2 41. Rxc2 h4 42. Ra2 Kg5 43. Ra5+ Rf5 44. Ra4 Kh5 45. Rb4 g5 46. Ra4
Rf4 47. Ra5 Kg6 48. Rb5 Rc4 49. Ra5 f6 50. Kf2 Rf4+ 51. Kg1 Re4 52. Kf2 Re5 53.
Ra4 Kf5 54. Kf3 Rb5 55. Rc4 Rb3+ 56. Kf2 Rd3 57. Rb4 Ke5 58. Ra4 Rd4 59. Ra3 f5
60. Rb3 Rc4 61. Ra3 Kd4 62. Ra5 Ke4 63. Ra2 g4 64. hxg4 fxg4 65. Re2+ Kd3 66.
Re8 Rf4+ 67. Kg1 Re4 68. Rxe4 Kxe4 69. Kf1 Kd3 70. Kf2 Kd2 71. Kf1 Ke3 72. Ke1
g3 73. Kf1 Kd2 74. Kg1 Ke2 75. Kh1 h3 76. Kg1 h2+ 77. Kh1 1/2-1/2

[Event "Meisterturnier"]
[Site "Tübingen"]
[Date "2007.08.27"]
[Round "3"]
[White "Bauer, Eckart"]
[Black "Engelhart, Achim"]
[Result "1/2-1/2"]
[WhiteElo "2203"]
[BlackElo "2192"]
[PlyCount "72"]
[EventDate "2007.??.??"]

1. g3 c5 2. Bg2 Nc6 3. c4 g6 4. Nc3 Bg7 5. Nf3 e5 6. h4 h5 7. d3 Nge7 8. Bd2 d6
9. a3 a5 10. Rb1 f6 11. O-O Be6 12. Ne4 O-O 13. e3 b6 14. Qc2 d5 15. cxd5 Qxd5
16. Bc3 Rfd8 17. Nxe5 fxe5 18. Nf6+ Bxf6 19. Bxd5 Bxd5 20. Qa4 Kg7 21. f4 Rd6
22. fxe5 Bxe5 23. Qf4 Re6 24. Rbd1 Bb3 25. Bxe5+ Nxe5 26. Rd2 Nf5 27. d4 Rd8
28. Rff2 cxd4 29. exd4 Nc6 30. Qc7+ Kh8 31. Qxb6 Bd5 32. Rxf5 gxf5 33. Qc7 Rg8
34. Kf2 Rge8 35. Qf4 Kg7 36. Qg5+ Rg6 1/2-1/2

[Event "Meisterturnier"]
[Site "Tübingen"]
[Date "2007.08.28"]
[Round "4"]
[White "Reuß, Andreas"]
[Black "Kabisch, Thilo"]
[Result "1-0"]
[WhiteElo "2303"]
[BlackElo "2241"]
[PlyCount "95"]
[EventDate "2007.??.??"]

1. d4 Nf6 2. c4 g6 3. Nc3 Bg7 4. e4 d6 5. f3 O-O 6. Be3 e5 7. d5 Nh5 8. Qd2 f5
9. O-O-O f4 10. Bf2 Bf6 11. Kb1 Bh4 12. c5 Bxf2 13. Qxf2 Nd7 14. cxd6 cxd6 15.
Nge2 a6 16. Nc1 b5 17. a3 Rb8 18. N1a2 Qb6 19. Qxb6 Rxb6 20. Be2 Nc5 21. Kc2 g5
22. b4 Nd7 23. Nc1 Ndf6 24. Nb3 g4 25. Na5 Kf7 26. a4 bxa4 27. Rb1 gxf3 28.
gxf3 Bd7 29. Nc4 Rfb8 30. Nxb6 Rxb6 31. Kb2 Rxb4+ 32. Ka3 Rd4 33. Rhd1 Bh3 34.
Rb6 Nd7 35. Rxd6 Nhf6 36. Nxa4 Bg2 37. Rxa6 Nxe4 38. Rxd4 exd4 39. fxe4 f3 40.
Bb5 Ne5 41. Re6 Ng4 42. Nc5 Nf6 43. Nd3 Bh3 44. Ne5+ Kg7 45. Rxf6 Kxf6 46. Nxf3
Bg4 47. e5+ Kf5 48. Bd7+ 1-0

[Event "Meisterturnier"]
[Site "Tübingen"]
[Date "2007.08.28"]
[Round "4"]
[White "Holzhäuer, Mathias"]
[Black "Latzke, Boris Alexander"]
[Result "0-1"]
[WhiteElo "2341"]
[BlackElo "2230"]
[PlyCount "110"]
[EventDate "2007.??.??"]

1. e4 c5 2. Nf3 e6 3. c3 Nf6 4. e5 Nd5 5. d4 cxd4 6. Qxd4 Nc6 7. Qe4 b6 8. Bc4
Nde7 9. Bf4 Bb7 10. Na3 Ng6 11. Be2 Bxa3 12. bxa3 Qb8 13. Bg3 Ncxe5 14. Qd4 f6
15. Rd1 Nxf3+ 16. gxf3 Qc8 17. h4 Ne7 18. Rg1 Nf5 19. Qd3 O-O 20. Qxd7 Qxc3+
21. Kf1 Qc6 22. Kg2 Qxd7 23. Rxd7 Rf7 24. Rgd1 Bd5 25. Bb5 Rxd7 26. Bxd7 Nxg3
27. Kxg3 Kf8 28. f4 Ke7 29. Ba4 Rc8 30. Rd3 Rc1 31. f5 Rc5 32. fxe6 Bxe6 33.
Bb3 b5 34. Re3 Re5 35. Rc3 Kd6 36. Rd3+ Kc5 37. Bxe6 Rxe6 38. Rd7 Ra6 39. Rxg7
Rxa3+ 40. f3 Rxa2 41. Rxh7 b4 42. h5 a5 43. h6 Ra1 44. Kg2 Rd1 45. Rg7 Rd8 46.
h7 Rh8 47. Kf2 Kc4 48. Ke2 Kc3 49. Rc7+ Kb2 50. Kd3 b3 51. Kc4 a4 52. Kb4 Ka2
53. Ra7 b2 54. Rxa4+ Kb1 55. Ra7 Kc2 0-1

[Event "Meisterturnier"]
[Site "Tübingen"]
[Date "2007.08.28"]
[Round "4"]
[White "Mayer, Joachim"]
[Black "Hirneise, Tobias"]
[Result "0-1"]
[WhiteElo "2155"]
[BlackElo "2293"]
[PlyCount "68"]
[EventDate "2007.??.??"]

1. d4 Nf6 2. Nd2 c5 3. e3 cxd4 4. exd4 g6 5. Ngf3 Bg7 6. c3 O-O 7. Bd3 d6 8.
O-O Nc6 9. Nc4 Qc7 10. Re1 Re8 11. Bg5 e5 12. dxe5 dxe5 13. Ne3 Be6 14. Bxf6
Bxf6 15. Qe2 Rad8 16. Bc4 e4 17. Nd2 Bxc4 18. Ndxc4 b5 19. Na3 b4 20. Nb5 Qb8
21. Ng4 Bg7 22. Rad1 h5 23. Rxd8 Rxd8 24. Ne3 Rd3 25. a4 a6 26. Nd4 Nxd4 27.
cxd4 Qd6 28. g4 Bxd4 29. Nf1 Rf3 30. Qxe4 Rxf2 31. Kh1 hxg4 32. Rd1 Qf6 33. Ng3
Rxh2+ 34. Kxh2 Qh4+ 0-1

[Event "Meisterturnier"]
[Site "Tübingen"]
[Date "2007.08.28"]
[Round "4"]
[White "Mäurer, Christoph"]
[Black "Remmler, Hans-Peter"]
[Result "1/2-1/2"]
[WhiteElo "2255"]
[BlackElo "2256"]
[PlyCount "38"]
[EventDate "2007.??.??"]

1. Nf3 d5 2. c4 e6 3. b3 Nf6 4. g3 Be7 5. Bg2 O-O 6. O-O c5 7. Bb2 Nc6 8. e3 b6
9. Nc3 Bb7 10. cxd5 exd5 11. d4 Re8 12. Rc1 Ba6 13. Re1 Rc8 14. Ne5 c4 15. bxc4
Bxc4 16. Nxc4 dxc4 17. Bxc6 Rxc6 18. d5 Rc8 19. e4 Bb4 1/2-1/2

[Event "Meisterturnier"]
[Site "Tübingen"]
[Date "2007.08.28"]
[Round "4"]
[White "Frick, Christoph"]
[Black "Hirneise, Jens"]
[Result "1-0"]
[WhiteElo "2240"]
[BlackElo "2090"]
[PlyCount "89"]
[EventDate "2007.??.??"]

1. e4 c5 2. Nc3 Nc6 3. g3 g6 4. Bg2 Bg7 5. d3 d6 6. Nh3 e6 7. O-O Nge7 8. Be3
O-O 9. Qd2 e5 10. Bh6 f5 11. Bxg7 Kxg7 12. f4 Be6 13. Ng5 Qd7 14. Nxe6+ Qxe6
15. Nd5 Qd7 16. Rae1 Rae8 17. Ne3 Nd4 18. c3 exf4 19. gxf4 Ne6 20. exf5 gxf5
21. d4 cxd4 22. cxd4 d5 23. Nc2 Ng6 24. Nb4 Nc7 25. Nd3 Rxe1 26. Rxe1 Re8 27.
Ne5 Qe7 28. Rc1 Qd6 29. Rc5 Re7 30. Qf2 Qa6 31. b3 Qa3 32. h4 Ne6 33. Nxg6 hxg6
34. Qe3 Qxa2 35. Qe5+ Kf7 36. Bxd5 Qa1+ 37. Kf2 Qa2+ 38. Ke1 Qa1+ 39. Kd2 Qa2+
40. Rc2 Qa5+ 41. Kd1 Qa6 42. Bc4 b5 43. Bd5 b4 44. h5 Qd3+ 45. Kc1 1-0

[Event "Meisterturnier"]
[Site "Tübingen"]
[Date "2007.08.28"]
[Round "4"]
[White "Hönsch, Matthias"]
[Black "Schmittdiel, Eckhard"]
[Result "0-1"]
[WhiteElo "2279"]
[BlackElo "2436"]
[PlyCount "54"]
[EventDate "2007.??.??"]

1. Nf3 c5 2. c4 Nc6 3. g3 g6 4. Bg2 Bg7 5. O-O a6 6. Nc3 Rb8 7. Qa4 d6 8. d3
Bd7 9. Bd2 b5 10. Qc2 Nf6 11. Rab1 O-O 12. a3 b4 13. Nd5 b3 14. Nxf6+ Bxf6 15.
Qc1 e5 16. Bc3 a5 17. e4 Bg7 18. Qe3 Nd4 19. Qd2 Ra8 20. Rbe1 h5 21. Bxd4 cxd4
22. Qd1 Bh6 23. Qxb3 Rb8 24. Qc2 Qb6 25. Re2 Qb3 26. Qb1 Rb7 27. Nd2 Qxb2 0-1

[Event "Meisterturnier"]
[Site "Tübingen"]
[Date "2007.08.28"]
[Round "4"]
[White "Stiepan, Hans-Michael"]
[Black "Bräuning, Rudolf"]
[Result "0-1"]
[WhiteElo "2124"]
[BlackElo "2340"]
[PlyCount "55"]
[EventDate "2007.??.??"]

1. d4 Nf6 2. Nf3 d5 3. c4 e6 4. Nc3 c6 5. Bg5 Nbd7 6. e3 Qa5 7. Nd2 Bb4 8. Qc2
O-O 9. Be2 e5 10. O-O exd4 11. exd4 dxc4 12. Bxf6 Nxf6 13. Nxc4 Qc7 14. Rad1
Be6 15. a3 Be7 16. Rfe1 Rad8 17. Ne3 Rfe8 18. Bf3 Rd7 19. Rd2 Red8 20. Red1 Qa5
21. g3 g6 22. Kg2 Bf8 23. Ne4 Nxe4 24. Bxe4 Bg7 25. Nc4 Qh5 26. h4 Bxd4 27. b4
Qg4 28. Kf1 0-1

[Event "Meisterturnier"]
[Site "Tübingen"]
[Date "2007.08.28"]
[Round "4"]
[White "Roth, Jürgen Eugen"]
[Black "Heinl, Thomas"]
[Result "1/2-1/2"]
[WhiteElo "2309"]
[BlackElo "2213"]
[PlyCount "44"]
[EventDate "2007.??.??"]

1. d4 d5 2. Nf3 g6 3. Bg5 Bg7 4. c3 c6 5. Nbd2 Qb6 6. b4 Nd7 7. Bf4 Ngf6 8. h3
O-O 9. e3 a5 10. a3 Re8 11. Bd3 Nh5 12. O-O Nxf4 13. exf4 Qc7 14. f5 e5 15.
fxe6 Rxe6 16. c4 Nf6 17. Ne5 Ne4 18. cxd5 Nc3 19. Qb3 Nxd5 20. Ndf3 Re8 21. b5
Be6 22. bxc6 Nb4 1/2-1/2

[Event "Meisterturnier"]
[Site "Tübingen"]
[Date "2007.08.28"]
[Round "4"]
[White "Gabriel, Josef"]
[Black "Namyslo, Holger"]
[Result "0-1"]
[WhiteElo "2204"]
[BlackElo "2305"]
[PlyCount "86"]
[EventDate "2007.??.??"]

1. Nf3 d5 2. c4 e6 3. g3 Nf6 4. Bg2 Be7 5. O-O O-O 6. b3 a5 7. Bb2 a4 8. d4 Ne4
9. Nfd2 Nxd2 10. Nxd2 a3 11. Bc3 c5 12. e4 cxd4 13. Bxd4 Nc6 14. Bxg7 Kxg7 15.
cxd5 exd5 16. exd5 Nb4 17. Qh5 Ra6 18. Be4 f5 19. Bg2 Bf6 20. Rae1 Nxa2 21. Ne4
fxe4 22. Bxe4 Rh8 23. Bd3 Rd6 24. Bf5 Bxf5 25. Qxf5 Re8 26. Qg4+ Kh8 27. Qa4
Rxe1 28. Rxe1 Qd7 29. Qxa3 Nc3 30. Re6 Be7 31. Qa1 Rxe6 32. dxe6 Qd1+ 33. Qxd1
Nxd1 34. Kf1 Nc3 35. f4 Kg7 36. g4 Kf6 37. f5 Kg5 38. h3 Kh4 39. Kg2 Nd5 40.
Kf3 Kxh3 41. g5 Bxg5 42. Ke4 Kg4 43. Kxd5 Kxf5 0-1

[Event "Meisterturnier"]
[Site "Tübingen"]
[Date "2007.08.28"]
[Round "4"]
[White "Rothfuß, Oliver"]
[Black "Fischer, Andre Klaus"]
[Result "1/2-1/2"]
[WhiteElo "2139"]
[BlackElo "2169"]
[PlyCount "40"]
[EventDate "2007.??.??"]

1. d4 Nf6 2. Nf3 c5 3. e3 d5 4. c3 cxd4 5. exd4 g6 6. Bd3 Bg7 7. O-O O-O 8. Re1
Bf5 9. Bf1 Nc6 10. g3 a6 11. Nbd2 Qc7 12. Bg2 Rad8 13. Nh4 b5 14. Nxf5 gxf5 15.
Nb3 e6 16. Bf4 Qb6 17. h3 Ne7 18. g4 Kh8 19. Nc5 Ng6 20. Bh2 fxg4 1/2-1/2

[Event "Meisterturnier"]
[Site "Tübingen"]
[Date "2007.08.28"]
[Round "4"]
[White "Tscharotschkin, Michael"]
[Black "Giacopelli, Vincenzo"]
[Result "1/2-1/2"]
[WhiteElo "2236"]
[BlackElo "2093"]
[PlyCount "94"]
[EventDate "2007.??.??"]

1. e4 d5 2. exd5 Qxd5 3. d4 e5 4. dxe5 Qxd1+ 5. Kxd1 Nc6 6. Bf4 Bf5 7. c3
O-O-O+ 8. Nd2 Nge7 9. Ngf3 Ng6 10. Bg3 f6 11. exf6 gxf6 12. Bb5 Nce5 13. Nxe5
fxe5 14. Ke1 c6 15. Be2 Bh6 16. Nc4 Nf4 17. Ne3 Be4 18. Rg1 Nxe2 19. Kxe2 Bd3+
20. Ke1 Bxe3 21. fxe3 Rd5 22. Rd1 Rhd8 23. Bh4 R8d7 24. g4 Rf7 25. Rd2 Rf3 26.
Bf2 e4 27. Rg3 Rf7 28. h4 b5 29. Rg1 a5 30. Bg3 Rf3 31. Bf4 b4 32. cxb4 axb4
33. Rf2 Rh3 34. h5 c5 35. b3 Kb7 36. Kd2 c4 37. bxc4 Bxc4+ 38. Kc1 Kc6 39. Rc2
Kb5 40. Kb2 Bd3 41. Rc7 Rf3 42. a4+ Ka5 43. Rgc1 Ba6 44. Rxh7 Kxa4 45. Ra1+ Kb5
46. Rc7 Rd2+ 47. Rc2 Rxc2+ 1/2-1/2

[Event "Meisterturnier"]
[Site "Tübingen"]
[Date "2007.08.28"]
[Round "4"]
[White "Weber, Klaus"]
[Black "Bauer, Eckart"]
[Result "0-1"]
[WhiteElo "2179"]
[BlackElo "2203"]
[PlyCount "110"]
[EventDate "2007.??.??"]

1. e4 c6 2. d4 d5 3. e5 Bf5 4. c4 Bxb1 5. Rxb1 Qa5+ 6. Bd2 Qxa2 7. c5 b5 8. Ra1
Qxb2 9. Nf3 g6 10. g4 a5 11. Be2 Na6 12. O-O a4 13. Rb1 Qa2 14. Bc3 e6 15. Qd3
Nxc5 16. dxc5 Qc4 17. Qxc4 dxc4 18. Nd4 Rc8 19. Bf3 Ne7 20. Be4 g5 21. f4 gxf4
22. Rxf4 Bg7 23. Nf3 Rd8 24. g5 Nd5 25. Bxd5 Rxd5 26. Nd2 Rd3 27. Ne4 Rxc3 28.
Nxc3 Bxe5 29. Rf3 Bxc3 30. Rxc3 Ke7 31. Rf1 Rg8 32. h4 h6 33. Rcf3 Rg7 34. Kh2
hxg5 35. hxg5 e5 36. Rf6 b4 37. Rxc6 c3 38. Ra6 Rxg5 39. Rxa4 Rg4 40. Ra5 c2
41. Rb5 Rc4 42. Rc1 Ke6 43. Rb8 Kd5 44. c6 Kd4 45. c7 Rxc7 46. Rxb4+ Kd3 47.
Rb2 e4 48. Kg3 Kd2 49. Ra1 Rc6 50. Ra4 e3 51. Rd4+ Ke1 52. Rh4 Rg6+ 53. Kf3
Rf6+ 54. Kg2 Rf2+ 55. Kg3 c1=Q 0-1

[Event "Meisterturnier"]
[Site "Tübingen"]
[Date "2007.08.28"]
[Round "4"]
[White "Schmidt, Olaf"]
[Black "Engelhart, Achim"]
[Result "1-0"]
[WhiteElo "2193"]
[BlackElo "2192"]
[PlyCount "93"]
[EventDate "2007.??.??"]

1. d4 d5 2. c4 dxc4 3. e4 e5 4. Nf3 exd4 5. Qxd4 Qxd4 6. Nxd4 a6 7. Bxc4 Bb4+
8. Nc3 Nf6 9. f3 O-O 10. Bg5 Nbd7 11. Bf4 c5 12. Nc2 Ba5 13. O-O b5 14. Be2 Bb7
15. a4 b4 16. Nb1 Rfc8 17. Nd2 Bc7 18. Bxc7 Rxc7 19. Nc4 a5 20. N2e3 g6 21.
Rfd1 Kf8 22. e5 Nh5 23. g3 Ng7 24. Nd6 Bc6 25. f4 Ne6 26. Nb5 Bxb5 27. Bxb5 Nd4
28. Nd5 Rca7 29. Bxd7 Rxd7 30. Nb6 Rad8 31. Nxd7+ Rxd7 32. Kf2 Rc7 33. Rac1 Nf5
34. b3 Ne7 35. Rd8+ Kg7 36. Rc4 h5 37. h3 Nc8 38. Rc1 Nb6 39. Rd6 Nxa4 40. bxa4
c4 41. Rb6 c3 42. Ke2 c2 43. Kd2 Rc3 44. Rxc2 Rxg3 45. Rc7 Rxh3 46. e6 Ra3 47.
exf7 1-0